Music Quiz

Random Music or Clickable Quiz

'80s Song Pairs Quiz Stats

 Plays Quiz Updated Dec 21, 2017

Also try: '80s Band Names
Challenge
Share
Tweet
Score 0/20 Timer 04:00
5 Plays Today
% Correct
Material Girl
95.2%
Bad
93.1%
Little Red Corvette
87.8%
Another One Bites The Dust
83.9%
True Colors
83.6%
In The Air Tonight
78.8%
Careless Whisper
78.1%
Love is a Battlefield
73.4%
All Night Long (All Night)
72.3%
Africa
71.9%
% Correct
Danger Zone
71.1%
Everybody Wants to Rule the World
66.8%
Any Way You Want It
66.1%
Jump
64.9%
Keep On Loving You
62.2%
We're Not Gonna Take It
61.9%
Kiss on My List
60.3%
Down Under
58.7%
It's Tricky
57.6%
We Built This City
51.1%

You're not logged in!

Compare scores with friends on all Sporcle quizzes.
OR
Log In

You Might Also Like...

Show Comments

Extras

Top Quizzes Today


Score Distribution

Your Account Isn't Verified!

In order to create a playlist on Sporcle, you need to verify the email address you used during registration. Go to your Sporcle Settings to finish the process.

Report this User

Report this user for behavior that violates our Community Guidelines.

Details: